[Event "C.to Regionale Umbria"]
[Site "Foligno ITA"]
[Date "2008.06.06"]
[Round "1"]
[White "Almadori, Giovanni"]
[Black "Mancin, Michele"]
[Result "0-1"]
[WhiteElo "1341"]
[BlackElo "1778"]
[PlyCount "106"]
[EventDate "2008.06.06"]

1. Nf3 Nf6 2. d4 d5 3. c4 c6 4. Nc3 e6 5. e3 Bd6 6. Bd3 Nbd7 7. O-O O-O 8. e4
dxe4 9. Nxe4 Nxe4 10. Bxe4 Nf6 11. Bg5 Be7 12. Qc2 h6 13. Bxf6 Bxf6 14. Rad1
Qa5 15. a3 Rd8 16. Rfe1 Qb6 17. b4 Qc7 18. Qe2 b6 19. Bc2 Bb7 20. Qe4 g6 21. c5
bxc5 22. bxc5 Rd7 23. Ne5 Bxe5 24. Qxe5 Qxe5 25. dxe5 Rad8 26. Rd6 Kf8 27. g4
Rxd6 28. exd6 Ke8 29. Re3 Kd7 30. Rf3 Ke8 31. Rh3 Kf8 32. Rxh6 Kg7 33. Rh3 Rd7
34. Re3 Kf6 35. h4 Rd8 36. f4 Rh8 37. Rh3 e5 38. fxe5+ Kxe5 39. Bb3 Bc8 40.
Bxf7 Bxg4 41. Rh2 Kd4 42. Bxg6 Kxc5 43. Rd2 Rg8 44. d7 Bxd7 45. Rxd7 Rxg6+ 46.
Kf2 a5 47. Rd1 Rh6 48. Rh1 Kb5 49. Kf3 c5 50. Kf4 c4 51. Kg5 Rh8 52. Kg6 c3 53.
Kg7 Rc8 0-1

[Event "C.to Regionale Umbria"]
[Site "Foligno ITA"]
[Date "2008.06.06"]
[Round "1"]
[White "Bagnoli, Luca"]
[Black "Castellano, Alfonso"]
[Result "0-1"]
[WhiteElo "1506"]
[BlackElo "1899"]
[PlyCount "34"]
[EventDate "2008.06.06"]

1. e4 c5 2. Nc3 Nc6 3. Bb5 d6 4. Bxc6+ bxc6 5. d3 e5 6. Nge2 Nf6 7. O-O Be7 8.
f4 O-O 9. fxe5 dxe5 10. b3 Ne8 11. Ng3 Qd4+ 12. Kh1 Qxc3 13. Bd2 Qd4 14. Nf5
Bxf5 15. Rxf5 Rd8 16. Qe1 Qd7 17. Rxe5 Bf6 0-1

[Event "C.to Regionale Umbria"]
[Site "Foligno ITA"]
[Date "2008.06.06"]
[Round "1"]
[White "Balducci, Alessandro"]
[Black "Minni, Stefano"]
[Result "1-0"]
[WhiteElo "1819"]
[BlackElo "1434"]
[PlyCount "127"]
[EventDate "2008.06.06"]

1. f4 d5 2. Nf3 Nf6 3. e3 Bg4 4. b3 e6 5. Bb2 Be7 6. Be2 Bxf3 7. Bxf3 Nbd7 8.
O-O O-O 9. d3 c6 10. Qe1 Bd6 11. Nd2 Qb6 12. c4 Bxf4 13. d4 Bh6 14. Qf2 Qc7 15.
Rae1 e5 16. e4 Bxd2 17. Qxd2 dxe4 18. Bxe4 Nxe4 19. Rxe4 Rad8 20. dxe5 Nc5 21.
Rd4 Ne6 22. Rd6 b6 23. Rd1 Rxd6 24. exd6 Qd7 25. b4 Rd8 26. a4 a6 27. Qc3 f6
28. Qg3 Qf7 29. Re1 Rd7 30. Rf1 Qg6 31. Qxg6 hxg6 32. Rd1 c5 33. bxc5 Nxc5 34.
a5 bxa5 35. Rd5 Nb7 36. c5 Nxc5 37. Rxc5 Rxd6 38. Ba3 Rd1+ 39. Kf2 Rd2+ 40. Kf1
Rd1+ 41. Ke2 Ra1 42. Rxa5 Kf7 43. Rxa6 g5 44. Kf3 Kg6 45. g4 Ra2 46. Kg3 Ra1
47. Ra7 Kh7 48. Bc5 Rxa7 49. Bxa7 Kg6 50. Bd4 Kf7 51. Kf3 Ke6 52. Ke4 g6 53. h3
f5+ 54. Kf3 Kf7 55. Bb6 Ke7 56. Ke3 Ke6 57. Bd8 fxg4 58. hxg4 Kd5 59. Bxg5 Ke5
60. Kf3 Ke6 61. Kf4 Kf7 62. Bd8 Ke6 63. Kg5 Kf7 64. Bf6 1-0

[Event "C.to Regionale Umbria"]
[Site "Foligno ITA"]
[Date "2008.06.06"]
[Round "1"]
[White "Bartolini, Ivan"]
[Black "Bertolini, Ettore"]
[Result "1-0"]
[WhiteElo "1473"]
[BlackElo "1880"]
[PlyCount "83"]
[EventDate "2008.06.06"]

1. e4 c5 2. d4 cxd4 3. c3 d3 4. Bxd3 g6 5. Be3 Bg7 6. f4 Nc6 7. Nf3 Nf6 8. f5
Ng4 9. fxg6 hxg6 10. Bf4 Qb6 11. Qe2 d6 12. Bc4 Bd7 13. Rf1 f6 14. h3 Nge5 15.
Nxe5 Nxe5 16. Be3 Qc7 17. Bb3 g5 18. Nd2 g4 19. Nc4 gxh3 20. Nxe5 dxe5 21. gxh3
Bxh3 22. Rg1 Kf8 23. O-O-O a6 24. Qf2 e6 25. Rg3 Rh5 26. Qf3 Rh7 27. Rxh3 Rxh3
28. Qxh3 Re8 29. Bh6 b5 30. Bxg7+ Qxg7 31. Qd3 Qg5+ 32. Kb1 Qg4 33. Qd6+ Re7
34. Qd8+ Kf7 35. Bc2 Qe2 36. Qh8 Qf3 37. Qh7+ Kf8 38. Rd8+ Re8 39. Qh8+ Kf7 40.
Qxe8+ Kg7 41. Qh8+ Kf7 42. Qh7# 1-0

[Event "C.to Regionale Umbria"]
[Site "Foligno ITA"]
[Date "2008.06.06"]
[Round "1"]
[White "Bassini, Massimo"]
[Black "Cardinali, Egidio"]
[Result "1/2-1/2"]
[WhiteElo "1503"]
[BlackElo "1892"]
[PlyCount "93"]
[EventDate "2008.06.06"]

1. d4 d5 2. Nf3 Nf6 3. c4 c6 4. Nc3 dxc4 5. e3 b5 6. a4 Qb6 7. axb5 cxb5 8. b3
Bg4 9. bxc4 bxc4 10. Qa4+ Qc6 11. Qxc6+ Nxc6 12. Bxc4 Bxf3 13. gxf3 e6 14. Bb5
Kd7 15. Ra6 Rc8 16. Rxa7+ Kd8 17. Bxc6 Rxc6 18. Bd2 Rc7 19. Rxc7 Kxc7 20. Ke2
Kd7 21. Ra1 Bd6 22. Ra7+ Bc7 23. Nb5 Rc8 24. Ba5 Ne8 25. Nxc7 Nxc7 26. Rxc7+
Rxc7 27. Bxc7 Kxc7 28. f4 Kd6 29. e4 g6 30. f3 Kc6 31. Kd3 Kb5 32. Kc3 f6 33.
Kb3 h6 34. h3 h5 35. h4 Kc6 36. Kc4 Kd7 37. Kc5 g5 38. fxg5 fxg5 39. hxg5 h4
40. g6 Ke7 41. g7 Kf7 42. d5 exd5 43. exd5 h3 44. d6 h2 45. d7 h1=Q 46. g8=Q+
Kxg8 47. d8=Q+ 1/2-1/2

[Event "C.to Regionale Umbria"]
[Site "Foligno ITA"]
[Date "2008.06.06"]
[Round "1"]
[White "Bertini, Nazzareno"]
[Black "Verdi, Enea"]
[Result "1-0"]
[WhiteElo "1786"]
[BlackElo "1404"]
[PlyCount "123"]
[EventDate "2008.06.06"]

1. e4 e5 2. Nf3 Nc6 3. d4 exd4 4. Bc4 Be7 5. O-O d6 6. Nxd4 Nf6 7. Nxc6 bxc6 8.
Nc3 O-O 9. Re1 Be6 10. Qe2 Nxe4 11. Bxe6 Nxc3 12. bxc3 fxe6 13. Qxe6+ Rf7 14.
Rb1 Rb8 15. Rb3 Kf8 16. Ba3 Rb5 17. Qc4 d5 18. Bxe7+ Rxe7 19. Qf4+ Kg8 20. Reb1
Qe8 21. Kf1 a6 22. c4 Rxb3 23. axb3 Rf7 24. Qd4 Qe6 25. Re1 Qd6 26. Re8+ Rf8
27. Qe5 dxc4 28. Qe6+ Qxe6 29. Rxe6 cxb3 30. cxb3 Rf6 31. Re8+ Kf7 32. Ra8 c5
33. Ra7 Rc6 34. f4 c4 35. bxc4 Rxc4 36. g3 Rc6 37. h3 Ke6 38. g4 h6 39. Kg2 Kd6
40. Kg3 g5 41. f5 Ke5 42. Ra8 Rc3+ 43. Kg2 Rc6 44. Re8+ Kf4 45. Re2 Rf6 46. Re6
Rf7 47. Rxh6 c5 48. Rc6 Rb7 49. Rxc5 Rb2+ 50. Kf1 Kf3 51. Ke1 Kg3 52. f6 Kxh3
53. Rxg5 Kh4 54. Rg8 Rb7 55. Rg7 Rb8 56. f7 Rf8 57. Kd2 Kg3 58. g5 Kf4 59. g6
Rd8+ 60. Kc3 Rc8+ 61. Kb4 Kf5 62. Rg8 1-0

[Event "C.to Regionale Umbria"]
[Site "Foligno ITA"]
[Date "2008.06.06"]
[Round "1"]
[White "Buoncristiani, Luca"]
[Black "Ragnini, Damiano"]
[Result "1-0"]
[WhiteElo "1464"]
[BlackElo "1847"]
[PlyCount "77"]
[EventDate "2008.06.06"]

1. e4 c5 2. Nf3 Nc6 3. d4 cxd4 4. Nxd4 Nf6 5. Nc3 e5 6. Ndb5 d6 7. Bg5 a6 8.
Bxf6 gxf6 9. Na3 b5 10. Nd5 Be6 11. c3 Bg7 12. Nxb5 axb5 13. Bxb5 Bd7 14. Qf3
O-O 15. a4 Kh8 16. O-O Ra7 17. Qe3 Rb7 18. b4 Ne7 19. Bc4 Nxd5 20. Bxd5 Rc7 21.
b5 f5 22. f3 f4 23. Qb6 Be6 24. c4 Qe7 25. Bc6 Rg8 26. a5 h5 27. a6 h4 28. a7
Rcc8 29. a8=Q Rxa8 30. Rxa8 Rxa8 31. Bxa8 Bxc4 32. Rc1 Be6 33. Rc7 Qg5 34. Qxd6
Bh3 35. Rc2 Be6 36. b6 h3 37. b7 Qh4 38. b8=Q+ Kh7 39. Rf2 1-0

[Event "C.to Regionale Umbria"]
[Site "Foligno ITA"]
[Date "2008.06.06"]
[Round "1"]
[White "Capossela, Fabio"]
[Black "Rotoni, Matteo"]
[Result "0-1"]
[WhiteElo "1620"]
[BlackElo "2077"]
[PlyCount "80"]
[EventDate "2008.06.06"]

1. d4 Nf6 2. c4 c5 3. d5 e6 4. d6 Qb6 5. Bf4 Qxb2 6. Nd2 Nc6 7. e3 e5 8. Bg5
Bxd6 9. Bxf6 gxf6 10. a3 Be7 11. Bd3 d6 12. Ngf3 f5 13. e4 Qc3 14. Bc2 fxe4 15.
Bxe4 f5 16. Bxc6+ bxc6 17. O-O O-O 18. Qe2 e4 19. Rfc1 Qg7 20. Ne1 d5 21. Ra2
f4 22. f3 e3 23. Nb3 Rb8 24. Na5 Rb6 25. Kh1 Qh6 26. Nd3 Ba6 27. g3 fxg3 28.
Rg1 Kh8 29. f4 d4 30. Rxg3 Rb1+ 31. Kg2 Bh4 32. Qc2 Bxg3 33. Qxb1 Qxh2+ 34. Kf3
Qh5+ 35. Kg2 Rg8 36. Rb2 Bxf4+ 37. Kf1 Qh1+ 38. Ke2 Rg2+ 39. Kf3 Rf2+ 40. Kg4
Bc8# 0-1

[Event "C.to Regionale Umbria"]
[Site "Foligno ITA"]
[Date "2008.06.06"]
[Round "1"]
[White "Cuppone, Damiano"]
[Black "Mariani, Francesca"]
[Result "1-0"]
[WhiteElo "1776"]
[BlackElo "1266"]
[PlyCount "43"]
[EventDate "2008.06.06"]

1. d4 Nf6 2. c4 g6 3. Nc3 Bg7 4. e4 d6 5. Be2 O-O 6. Bg5 Nbd7 7. Qd2 e5 8. d5
a5 9. Bf3 Nc5 10. Rd1 Qd7 11. h4 b6 12. h5 Ba6 13. b3 b5 14. cxb5 Bxb5 15. Nge2
Ng4 16. Nxb5 Qxb5 17. Bxg4 c6 18. Nc3 Qb6 19. Bh6 cxd5 20. Nxd5 Nxe4 21. Nxb6
Nxd2 22. Bxd2 1-0

[Event "C.to Regionale Umbria"]
[Site "Foligno ITA"]
[Date "2008.06.06"]
[Round "1"]
[White "Cuppone, Fiorentino"]
[Black "Caruso, Augusto"]
[Result "0-1"]
[WhiteElo "1661"]
[BlackElo "2229"]
[PlyCount "36"]
[EventDate "2008.06.06"]

1. e4 e5 2. Nf3 Nc6 3. Bb5 f5 4. Nc3 fxe4 5. Nxe4 Nf6 6. d3 d5 7. Ng3 Bd6 8.
O-O O-O 9. Bg5 h6 10. Bxf6 Qxf6 11. h3 Bxh3 12. gxh3 Qxf3 13. Qxf3 Rxf3 14.
Rae1 Raf8 15. a3 Nd4 16. Ba4 b5 17. Bb3 Nxb3 18. cxb3 Rxd3 0-1

[Event "C.to Regionale Umbria"]
[Site "Foligno ITA"]
[Date "2008.06.06"]
[Round "1"]
[White "Ferri, Fabio"]
[Black "Trampetti, Luca"]
[Result "0-1"]
[WhiteElo "1587"]
[BlackElo "1980"]
[PlyCount "56"]
[EventDate "2008.06.06"]

1. e4 c5 2. Nf3 e6 3. d4 cxd4 4. Nxd4 a6 5. Be2 Nf6 6. Bg5 Qa5+ 7. Bd2 Qb6 8.
Nb3 Nxe4 9. Be3 Qc7 10. Bd3 Nf6 11. O-O Be7 12. Nc3 d5 13. Qf3 Nc6 14. Rfe1 O-O
15. Rad1 b5 16. Bf4 Bd6 17. Bg5 Ne5 18. Qh3 Neg4 19. Bxf6 Nxf6 20. Qh4 b4 21.
Nb1 e5 22. c3 a5 23. cxb4 axb4 24. Rc1 Qb6 25. a3 bxa3 26. N1d2 e4 27. Bf1 axb2
28. Rb1 Be5 0-1

[Event "C.to Regionale Umbria"]
[Site "Foligno ITA"]
[Date "2008.06.06"]
[Round "1"]
[White "Fratini, Mauro"]
[Black "Colabrese, Cary"]
[Result "1/2-1/2"]
[WhiteElo "1976"]
[BlackElo "1586"]
[PlyCount "105"]
[EventDate "2008.06.06"]

1. d4 Nf6 2. Nf3 e6 3. Bf4 d6 4. e3 Be7 5. Nbd2 O-O 6. Bd3 Nc6 7. a3 Nd5 8. Bg3
f5 9. c4 Nf6 10. h3 Re8 11. O-O Bf8 12. Qc2 g6 13. Rfd1 e5 14. dxe5 dxe5 15.
Be2 Qe7 16. b4 e4 17. Nd4 Ne5 18. c5 Bg7 19. Rac1 Kh8 20. Nc4 Ng8 21. Na5 Nh6
22. a4 Nhf7 23. b5 h5 24. b6 Kh7 25. Nab3 axb6 26. cxb6 cxb6 27. Nb5 Rxa4 28.
Nc7 Rd8 29. Rxd8 Qxd8 30. Bb5 Ra3 31. Rd1 Nd3 32. Bxd3 exd3 33. Rxd3 Qf8 34.
Nb5 Ra4 35. Nd6 Be6 36. Nxf7 Qxf7 37. Nd4 Ra1+ 38. Kh2 Bxd4 39. Rxd4 Ra5 40.
Qb2 Rd5 41. Rxd5 Bxd5 42. Qxb6 g5 43. Qc7 g4 44. Qxf7+ Bxf7 45. hxg4 hxg4 46.
Bd6 Bd5 47. Kg3 Kg6 48. f3 Kf6 49. Kf4 Ke6 50. Bb4 gxf3 51. gxf3 Bc6 52. e4
fxe4 53. fxe4 1/2-1/2

[Event "C.to Regionale Umbria"]
[Site "Foligno ITA"]
[Date "2008.06.06"]
[Round "1"]
[White "Girgenti, Giuseppe"]
[Black "Malfagia, Andrea"]
[Result "0-1"]
[WhiteElo "1763"]
[BlackElo "2288"]
[PlyCount "77"]
[EventDate "2008.06.06"]

1. e4 e6 2. Nf3 d5 3. exd5 exd5 4. d4 Bd6 5. Bd3 Ne7 6. Be3 Nbc6 7. c3 Bf5 8.
O-O Qd7 9. b4 h6 10. a4 O-O 11. Na3 Rfe8 12. Re1 Be4 13. Nb5 Ng6 14. Nxd6 Qxd6
15. a5 a6 16. Bxe4 Rxe4 17. Nd2 Re6 18. Nb3 Nh4 19. Qh5 g5 20. Nc5 Rg6 21. Nxb7
Qf6 22. Nc5 Qf5 23. Bd2 Na7 24. Re2 Nb5 25. Rae1 Nd6 26. Re5 Qc8 27. Rxd5 Nhf5
28. Rde5 g4 29. Ne4 Ng7 30. Nxd6 cxd6 31. Re8+ Nxe8 32. Qd5 Nf6 33. Qxd6 Ne4
34. Qf4 Nxd2 35. Qxd2 Qc4 36. g3 Rc8 37. d5 Qxc3 38. Re8+ Kh7 39. Rxc8 0-1

[Event "C.to Regionale Umbria"]
[Site "Foligno ITA"]
[Date "2008.06.06"]
[Round "1"]
[White "Lantini, Marco"]
[Black "Balducci, Walter"]
[Result "1-0"]
[WhiteElo "2244"]
[BlackElo "1706"]
[PlyCount "33"]
[EventDate "2008.06.06"]

1. d4 d5 2. c4 e5 3. dxe5 d4 4. Nf3 Nc6 5. g3 Bg4 6. Bg2 Nge7 7. O-O Ng6 8. Qb3
Rb8 9. Rd1 Bxf3 10. exf3 Be7 11. f4 h5 12. Qd3 Nb4 13. Qe4 Nc6 14. e6 O-O 15.
exf7+ Kxf7 16. Qf5+ Bf6 17. Bd5+ 1-0

[Event "C.to Regionale Umbria"]
[Site "Foligno ITA"]
[Date "2008.06.06"]
[Round "1"]
[White "Marcugini, Stefano"]
[Black "Piscitelli, Vito"]
[Result "0-1"]
[WhiteElo "1539"]
[BlackElo "1967"]
[PlyCount "96"]
[EventDate "2008.06.06"]

1. e4 c5 2. Nf3 d6 3. d4 cxd4 4. Nxd4 Nf6 5. Nc3 g6 6. Be2 Bg7 7. Be3 O-O 8.
Qd2 Nc6 9. f3 Bd7 10. O-O-O Ne5 11. Bh6 Bxh6 12. Qxh6 b5 13. h4 Qa5 14. h5 Nxh5
15. Nb3 Qd8 16. Nd5 Re8 17. g4 Nf6 18. Nxf6+ exf6 19. Qxh7+ Kf8 20. Rxd6 Re6
21. Rhd1 Rxd6 22. Rxd6 Ke7 23. Rd5 Qb6 24. Qh1 Qe3+ 25. Kd1 Be6 26. Rd2 Bc4 27.
Qf1 Bxe2+ 28. Qxe2 Qg1+ 29. Qe1 Qxe1+ 30. Kxe1 Nxf3+ 31. Ke2 Nxd2 32. Kxd2 Rd8+
33. Ke3 Rc8 34. c3 a6 35. a3 Kd6 36. Nd4 Rh8 37. Nc2 Rh2 38. Kd3 Rg2 39. Nb4
Rg3+ 40. Kd4 Rxg4 41. Nxa6 f5 42. Nc5 Kc6 43. b3 fxe4 44. Na6 f5 45. a4 bxa4
46. bxa4 e3+ 47. Kxe3 Rxa4 48. Nb4+ Rxb4 0-1

[Event "C.to Regionale Umbria"]
[Site "Foligno ITA"]
[Date "2008.06.06"]
[Round "1"]
[White "Migliozzi, Giuseppe"]
[Black "Maddaloni, Giovanni"]
[Result "0-1"]
[WhiteElo "1407"]
[BlackElo "1809"]
[PlyCount "84"]
[EventDate "2008.06.06"]

1. Nf3 d5 2. b3 c5 3. e3 Nf6 4. Bb2 e6 5. Be2 Nc6 6. O-O Be7 7. c4 O-O 8. cxd5
exd5 9. Nc3 d4 10. exd4 cxd4 11. Nb5 d3 12. Bxd3 Qxd3 13. Nc7 Bg4 14. Nxa8 Rxa8
15. h3 Bxf3 16. gxf3 Rd8 17. Bxf6 Bxf6 18. Rc1 Nd4 19. Kg2 Qg6+ 20. Kh1 Qh5 21.
Kg2 Ne6 22. Rc4 g5 23. Rh1 Nf4+ 24. Kf1 Rd3 25. Rxf4 gxf4 26. Rg1+ Kf8 27. Qc2
Qb5 28. Kg2 Qd7 29. Qc5+ Be7 30. Qh5 Qe6 31. Qxh7 Qg6+ 32. Qxg6 fxg6 33. Kf1
Rxd2 34. Rxg6 Rxa2 35. Kg2 Kf7 36. Rg4 Bd6 37. h4 Ra5 38. b4 Rf5 39. Rg5 Rxg5+
40. hxg5 Bxb4 41. Kh3 Kg6 42. Kg4 Bd6 0-1

[Event "C.to Regionale Umbria"]
[Site "Foligno ITA"]
[Date "2008.06.06"]
[Round "1"]
[White "Militello, Michele"]
[Black "Romano, Claudio"]
[Result "1/2-1/2"]
[WhiteElo "1893"]
[BlackElo "1506"]
[PlyCount "84"]
[EventDate "2008.06.06"]

1. d4 Nf6 2. Nf3 d5 3. c4 c6 4. Nc3 g6 5. g3 Bg7 6. cxd5 cxd5 7. Bg2 Nbd7 8.
O-O O-O 9. Bf4 a6 10. Rc1 b5 11. Ne5 Nxe5 12. dxe5 Ng4 13. Bxd5 Ra7 14. Qd4 Rd7
15. Qe4 e6 16. Bc6 Rd4 17. Rfd1 Rxe4 18. Rxd8 Rxd8 19. Bxe4 Bxe5 20. Bxe5 Nxe5
21. b3 Bd7 22. Rd1 Rc8 23. Nb1 Rc7 24. Na3 Bc6 25. Rc1 b4 26. f4 f5 27. Bg2 Nf7
28. Nb1 Nd8 29. a3 Rd7 30. axb4 Bxg2 31. Kxg2 Kf7 32. Na3 Rb7 33. Nc4 Rxb4 34.
Ne5+ Kf6 35. Rc8 Nf7 36. Rf8 Rb7 37. h4 Kg7 38. Rxf7+ Rxf7 39. Nxf7 Kxf7 40.
Kf3 h5 41. Ke3 Ke7 42. Kd4 Kd6 1/2-1/2

[Event "C.to Regionale Umbria"]
[Site "Foligno ITA"]
[Date "2008.06.06"]
[Round "1"]
[White "Ottaviani, Gianluca"]
[Black "Yamauchi, Juan"]
[Result "1-0"]
[WhiteElo "1923"]
[BlackElo "1538"]
[PlyCount "59"]
[EventDate "2008.06.06"]

1. e4 c5 2. Nf3 Nc6 3. d3 d6 4. g3 e5 5. Bg2 Nge7 6. O-O Ng6 7. Nbd2 Be7 8. Re1
O-O 9. Nf1 Be6 10. Ne3 Qd7 11. c3 Rad8 12. Nd5 Bxd5 13. exd5 Nb8 14. h4 Bf6 15.
Ng5 Bxg5 16. hxg5 Rde8 17. Qh5 f5 18. gxf6 Rxf6 19. Bh3 Qc7 20. Be6+ Kh8 21.
Bg5 Rfxe6 22. dxe6 Rxe6 23. f4 Qf7 24. Qh3 Ne7 25. Bxe7 Qxe7 26. fxe5 dxe5 27.
d4 cxd4 28. cxd4 Nd7 29. Rac1 Nb6 30. Rxe5 1-0

[Event "C.to Regionale Umbria"]
[Site "Foligno ITA"]
[Date "2008.06.06"]
[Round "1"]
[White "Parrini, Daniele"]
[Black "Miconi, Francesco"]
[Result "1-0"]
[WhiteElo "2054"]
[BlackElo "1608"]
[PlyCount "111"]
[EventDate "2008.06.06"]

1. e4 Nf6 2. e5 Nd5 3. d4 d6 4. Nf3 Bg4 5. Be2 c6 6. Ng5 Bf5 7. e6 Bxe6 8. Nxe6
fxe6 9. Bg4 Qd7 10. O-O g6 11. Re1 Nc7 12. c4 d5 13. c5 Bg7 14. Bf4 Nba6 15.
Nc3 O-O 16. Be5 Bxe5 17. Rxe5 Rf6 18. g3 Ne8 19. Qd2 Ng7 20. Rae1 Nc7 21. f4
Raf8 22. b4 a6 23. Na4 Nf5 24. Nb6 Qe8 25. a4 Kf7 26. Bh3 Kg8 27. R1e2 h6 28.
Rf2 Na8 29. Nxa8 Qxa8 30. Rfe2 Qc8 31. Qd3 Qd7 32. g4 Ng7 33. g5 hxg5 34. fxg5
Rf3 35. R5e3 Rxe3 36. Qxe3 Nf5 37. Qxe6+ Qxe6 38. Rxe6 Kf7 39. Bxf5 gxf5 40.
Rh6 Rg8 41. h4 Kg7 42. Kf2 Re8 43. b5 axb5 44. axb5 Rh8 45. bxc6 bxc6 46. Rxh8
Kxh8 47. Kf3 Kg7 48. h5 e6 49. Kf4 Kf7 50. Ke5 Kg7 51. g6 Kf8 52. h6 Kg8 53.
Kxe6 f4 54. h7+ Kg7 55. h8=Q+ Kxh8 56. Kf7 1-0

[Event "C.to Regionale Umbria"]
[Site "Foligno ITA"]
[Date "2008.06.06"]
[Round "1"]
[White "Salami, Marco"]
[Black "Liberi, Michele"]
[Result "1-0"]
[WhiteElo "2215"]
[BlackElo "1626"]
[PlyCount "119"]
[EventDate "2008.06.06"]

1. e4 g6 2. d4 Bg7 3. Nc3 d6 4. Bc4 Nd7 5. Qf3 e6 6. Nge2 a6 7. a4 b6 8. e5 d5
9. Nxd5 Rb8 10. Ndf4 Bb7 11. Qh3 Ne7 12. Bxe6 g5 13. Nh5 Rg8 14. Bc4 Nd5 15.
Qf5 h6 16. Qh7 Kf8 17. Nxg7 Rxg7 18. Qh8+ Rg8 19. Qxh6+ Ke8 20. Qh7 Kf8 21. Nc3
c6 22. Bxd5 cxd5 23. b3 Ke7 24. Ba3+ Ke6 25. f4 gxf4 26. Qh3+ f5 27. Qh6+ Nf6
28. Ne2 Kf7 29. Qxf6+ Qxf6 30. exf6 Kxf6 31. Nxf4 Rbe8+ 32. Kf2 Re4 33. g3 Rge8
34. Rad1 Bc6 35. Bd6 b5 36. Be5+ Kg5 37. h4+ Kh6 38. a5 Rc8 39. Rhe1 Bb7 40.
Rd2 Rc3 41. Nd3 Rc6 42. Nc5 Rxe1 43. Kxe1 Bc8 44. Bf4+ Kh5 45. Re2 Rg6 46. Re8
Rc6 47. Kf2 Kg6 48. Rh8 Be6 49. h5+ Kg7 50. Be5+ Kf7 51. Rh7+ Kg8 52. Re7 Bf7
53. Ra7 Bxh5 54. Rxa6 Rc8 55. Rb6 Be8 56. Rb7 Bc6 57. Rg7+ Kf8 58. Ne6+ Ke8 59.
Rg8+ Kd7 60. Nc5+ 1-0

[Event "C.to Regionale Umbria"]
[Site "Foligno ITA"]
[Date "2008.06.06"]
[Round "1"]
[White "Serafini, Gino"]
[Black "Seravelli, Paolo"]
[Result "0-1"]
[WhiteElo "1853"]
[BlackElo "1467"]
[PlyCount "86"]
[EventDate "2008.06.06"]

1. d4 d5 2. Bf4 Nf6 3. Nf3 c6 4. c3 Bg4 5. Nbd2 e6 6. h3 Bh5 7. e3 Bd6 8. Be2
Bxf4 9. exf4 Qc7 10. Ne5 Bxe2 11. Qxe2 O-O 12. g4 Nfd7 13. g5 f6 14. gxf6 Nxf6
15. Rg1 Nbd7 16. h4 Rae8 17. h5 Re7 18. h6 g6 19. Ndf3 Nh5 20. Nxg6 hxg6 21.
Rxg6+ Kh7 22. Rxe6 Rxe6 23. Ng5+ Kxh6 24. Qxe6+ Ndf6 25. Kf1 Qxf4 26. Nf7+ Kg7
27. Nd6 Ne4 28. Qe5+ Qxe5 29. dxe5 Rxf2+ 30. Kg1 Nf4 31. Nxe4 Rg2+ 32. Kh1 dxe4
33. Rd1 Rxb2 34. Rg1+ Ng6 35. e6 Kf6 36. Rg4 Ne5 37. Rxe4 Kxe6 38. Ra4 a6 39.
Kg1 Rc2 40. Rb4 b5 41. a4 a5 42. Re4 Rxc3 43. axb5 cxb5 0-1

[Event "C.to Regionale Umbria"]
[Site "Foligno ITA"]
[Date "2008.06.06"]
[Round "1"]
[White "Tortolini, Francesco"]
[Black "Gambacorta, Claudio"]
[Result "1-0"]
[WhiteElo "1890"]
[BlackElo "1497"]
[PlyCount "60"]
[EventDate "2008.06.06"]

1. e4 c6 2. d4 d5 3. Nc3 dxe4 4. Nxe4 Bf5 5. Ng3 Bg6 6. Nf3 e6 7. h4 h6 8. h5
Bh7 9. Bd3 Bxd3 10. Qxd3 Nf6 11. Bd2 Nbd7 12. O-O-O Bd6 13. Ne4 Nxe4 14. Qxe4
Nf6 15. Qe2 Qc7 16. c4 O-O 17. g4 Nh7 18. Ne5 Rfe8 19. f4 f6 20. Ng6 Nf8 21. c5
Be7 22. Nxe7+ Qxe7 23. g5 fxg5 24. fxg5 hxg5 25. h6 Nh7 26. Rdg1 Qf6 27. hxg7
Re7 28. Rxh7 Kxh7 29. Qh5+ Qh6 30. Qxh6+ Kxh6 1-0

[Event "C.to Regionale Umbria"]
[Site "Foligno ITA"]
[Date "2008.06.06"]
[Round "1"]
[White "Trasciatti, Mirko"]
[Black "Minelli, Francesco"]
[Result "0-1"]
[WhiteElo "1972"]
[BlackElo "1563"]
[PlyCount "60"]
[EventDate "2008.06.06"]

1. f4 c5 2. e3 d5 3. Nf3 Nc6 4. Be2 Nf6 5. O-O e6 6. d4 Bd7 7. c3 c4 8. Ne5 b5
9. Nd2 a5 10. g4 h6 11. Kh1 Nxe5 12. fxe5 Nh7 13. e4 Bc6 14. Bf3 Ng5 15. exd5
Bxd5 16. Bxd5 Qxd5+ 17. Nf3 Be7 18. Kg1 Rd8 19. Nxg5 hxg5 20. Qf3 Qxf3 21. Rxf3
b4 22. Be3 f6 23. Raf1 bxc3 24. bxc3 Rb8 25. Bc1 Kd7 26. Kg2 Rb1 27. Re1 Ba3
28. Rff1 Bxc1 29. Rxc1 Rb2+ 30. Kg3 Rbxh2 0-1

[Event "C.to Regionale Umbria"]
[Site "Foligno ITA"]
[Date "2008.06.06"]
[Round "1"]
[White "Vitali, Roberto"]
[Black "Coqueraut, Jean Dominique"]
[Result "0-1"]
[WhiteElo "1574"]
[BlackElo "1975"]
[PlyCount "96"]
[EventDate "2008.06.06"]

1. e4 d6 2. d4 Nf6 3. f3 g6 4. Bc4 Bg7 5. Ne2 c6 6. a4 a5 7. O-O O-O 8. Be3
Nbd7 9. c3 e5 10. b4 axb4 11. cxb4 b5 12. Bd3 bxa4 13. Rxa4 Bb7 14. Nbc3 Nb6
15. Rxa8 Qxa8 16. dxe5 Nfd7 17. exd6 Bxc3 18. Nxc3 Qa3 19. Qc2 Ra8 20. Rb1 Nc8
21. Bc5 Nxc5 22. bxc5 Qxc5+ 23. Kf1 Nxd6 24. Na4 Qd4 25. Nc5 Ra3 26. Rd1 Rc3
27. Nb3 Qb4 28. Qd2 Rxb3 29. Qg5 Nc8 30. Kf2 Qd4+ 31. Ke2 Rb2+ 32. Rd2 Rxd2+
33. Kxd2 Ba6 34. Qe3 Qxe3+ 35. Kxe3 Bxd3 36. Kxd3 Kf8 37. Kd4 Ke7 38. h4 f6 39.
g4 Kd6 40. f4 c5+ 41. Kd3 Nb6 42. g5 fxg5 43. hxg5 Ke6 44. Ke3 Nc4+ 45. Kd3 Nd6
46. Ke3 Nxe4 47. Kxe4 c4 48. Kd4 Kf5 0-1

[Event "C.to Regionale Umbria"]
[Site "Foligno ITA"]
[Date "2008.06.06"]
[Round "2"]
[White "Angeli, Francesco"]
[Black "Cicioni, Luigi"]
[Result "0-1"]
[WhiteElo "1437"]
[BlackElo "1646"]
[PlyCount "94"]
[EventDate "2008.06.06"]

1. d4 Nf6 2. c4 e6 3. Nc3 b6 4. Bg5 Be7 5. e4 O-O 6. Bd3 h6 7. e5 Nd5 8. Bxh6
f5 9. cxd5 gxh6 10. Nf3 Rf7 11. h4 Rg7 12. Qd2 Qf8 13. O-O-O Rg4 14. Nb5 Bd8
15. d6 c6 16. Nc7 Bxc7 17. dxc7 Na6 18. d5 cxd5 19. Bxa6 Bxa6 20. Kb1 Rc8 21.
Rc1 Qg7 22. Rhe1 Bb7 23. g3 Bc6 24. Nd4 Rxc7 25. Nb5 Rb7 26. Nd6 Rb8 27. Qd3 b5
28. Rc3 b4 29. Rb3 Ba4 30. Qa6 Bxb3 31. axb3 f4 32. Qxa7 Rf8 33. gxf4 Rgxf4 34.
f3 Rxf3 35. Rg1 Rf1+ 36. Rxf1 Rxf1+ 37. Ka2 Qg1 38. Qxg1+ Rxg1 39. Nb5 Rg4 40.
h5 Rg5 41. Nd4 Rxe5 42. Nc2 Re4 43. Kb1 Kf7 44. Kc1 Kf6 45. Kd2 Kg5 46. Kd3
Kxh5 47. Nd4 Kg4 0-1

[Event "C.to Regionale Umbria"]
[Site "Foligno ITA"]
[Date "2008.06.06"]
[Round "2"]
[White "Bertolini, Ettore"]
[Black "Marcugini, Stefano"]
[Result "0-1"]
[WhiteElo "1880"]
[BlackElo "1539"]
[PlyCount "112"]
[EventDate "2008.06.06"]

1. Nf3 Nf6 2. b3 g6 3. Bb2 Bg7 4. g3 b6 5. Bg2 Bb7 6. O-O O-O 7. c4 c5 8. d4
cxd4 9. Nxd4 Bxg2 10. Kxg2 Nc6 11. Na3 Qc7 12. Nab5 Qb7 13. Nf3 Rfd8 14. Rc1 d5
15. Qc2 dxc4 16. Qxc4 Rac8 17. Qa4 a6 18. Na3 b5 19. Qh4 Nb8 20. Kg1 Nbd7 21.
Rfd1 Rxc1 22. Bxc1 Qe4 23. Qxe4 Nxe4 24. Bf4 Kf8 25. Nb1 Ke8 26. Rc1 Ndc5 27.
Kg2 a5 28. Bc7 Ra8 29. Ne1 a4 30. b4 Na6 31. Ba5 Nd6 32. Nd2 Rc8 33. Rxc8+ Nxc8
34. Nb1 Kd7 35. Nd3 Nd6 36. Na3 Kc6 37. Bd8 Bf6 38. f3 Nb7 39. Ba5 Nxa5 40.
bxa5 b4 41. Nb1 Kb5 42. e4 Bd4 43. Kf1 Kxa5 44. Ke2 Kb5 45. Nd2 Nc5 46. Nxc5
Kxc5 47. Kd3 Bg1 48. h3 Bh2 49. g4 Bf4 50. Nb1 g5 51. a3 bxa3 52. Nxa3 Kb4 53.
Nc2+ Kb3 54. Nd4+ Kb2 55. Ne2 a3 56. Nc3 a2 0-1